| 000 | 00375nam a2200121Ia 4500 | ||
|---|---|---|---|
| 005 | 20260328101518.0 | ||
| 008 | 260328s9999||||xx |||||||||||||| ||und|| | ||
| 100 | _aHernández Díaz, José | ||
| 245 | 0 |
_aLa ruta de Colón y las torres del Condado de Niebla / _cJosé Hernández Díaz |
|
| 260 | _bInstituto de Cultura Hispánica | ||
| 650 | _aARQUITECTURA REGIONAL | ||
| 942 | _cBK | ||
| 999 |
_c9462 _d9462 |
||